1825 1228 1203 1461 1662 1159 1220 1776 2000 1721 1604 1428 1173 1176 1416 1708 1932 1776 1905 1681 1327 1624 1584 1712 1812 1280 1257 1495 1584 1704 1955 1241 1348 1020 1254 1818 1542 1128 1843 1709 1273 1069 1697 1961 1236 1281 1075 1077 1539 1676 1800 1374 1936 1467 1343 1432 1165 1146 1066 1143 1771 1494 1948 1269 1670 1280 1438 1812 1156 1152 1455 1114 1086 1482 1368 1455 1050 1985 1521 1484 1199 1661 1418 1011 1751 1073 1748 1827 1449 1987 1935 1956 1391 1983 1194 1103 1231 1031 1236 BCNSPRNW ULIB Ver.6.0+V

เปลี่ยนเป็นภาษาไทย

Change to English
 แสดงรายละเอียดบรรณานุกรม
  กลับหน้าหลัก

Brief Record : Get Marc (ISO 2709) : E-mail record : QR code < ปิดหน้าต่าง
LEADER : 00000nam 2200000uu 4500
001    13399120276
003     ULIB
008    120918s2548||||th 000 0 tha d
020    ^a9746434594 (ล.3)
060 04 ^aWY160^bส719ก ล.3 2548
110 2  ^aมหาวิทยาลัยสุโขทัยธรรมาธิราช. ^bสาขาวิชาพยาบาลศาสตร์
245 10 ^aการส่งเสริมสุขภาพจิตและการพยาบาลจิตเวชหน่วยที่ 11-15 =^bMental healthpromotion and psychiatric nursing /^cสาขาวิชาพยาบาลศาสตร์ มหาวิทยาลัยสุโขทัยธรรมาธิราช
250    ^aพิมพ์ครั้งที่ 3
260    ^aนนทบุรี :^bสำนักพิมพ์มหาวิทยาลัยสุโขทัยธรรมาธิราช,^c2548
300    ^a3 ล. ;^c30 ซม.
500    ^a"เอกสารการสอนชุดวิชา 51102 หน่วยที่ 1-7, 8-10, 11-15" --หน้าปกใน
650  7 ^aการพยาบาลจิตเวชศาสตร์
650  7 ^aการส่งเสริมสุขภาพจิต
945    ^p0^l0^i24422
995    ^aวิภา
999 ^a ใช้งานได้ทุกระบบ
รายการนี้ยังไม่มีแท็ก
คุณยังไม่ได้ล็อกอิน คุณสามารถมีกิจกรรมร่วมกับเว็บไซต์ได้ แต่ต้องล็อกอินก่อน ::
  ล็อกอิน

รายการสื่อสารสนเทศ

ลำดับที่ ประเภท เลขเรียก/บาร์โค้ด สถานที่ สถานะ
1. Book การพยาบาล
Book การพยาบาล
สถานะ=หนังสือเก่า
WY160 ส719ก ล.3 2548  
  Barcode: 24422
ห้องสมุดวิทยาเขตนครสวรรค์
►หนังสือทั่วไป:l:General Books
บนชั้น

รายการใกล้เคียง
    หัวเรื่อง [การพยาบาลจิตเวชศาสตร์]
    หัวเรื่อง [การส่งเสริมสุขภาพจิต]

BibComment


ยังไม่เคยถูกคอมเมนท์

คอมเมนท์ทรัพยากรรายการนี้
  คอมเมนท์: การส่งเสริมสุขภา..


 Copyright 2026. Bcnsprnw @Library